| 000 | 00988nam0a22002291 4500 | ||
|---|---|---|---|
| 001 | rc\788183 | ||
| 005 | 20250622132820.0 | ||
| 035 | _a(NLR Aleph) 006313611 | ||
| 090 |
_a7377845 _c7377845 |
||
| 100 | _a20040301d1983 |||y0rusy50 ca | ||
| 101 | 0 | _arus | |
| 102 | _aRU | ||
| 105 | _aa ||||||||| | ||
| 200 | 1 |
_aЛегенда об Уленшпигеле и Ламме Гудзаке и об их приключениях отважных, забавных и достославных во Фландрии и иных странах _e[Для детей] _fШарль де Костер _gСокр. пер. с фр. А. Горнфельда _g[Вступ. ст. К. Паустовского _gХудож. Б.В. Тржемецкий] |
|
| 210 |
_aОмск _cКн. изд-во _d1983 |
||
| 215 |
_a303 с. _cил. _d20 |
||
| 700 | 1 |
_aДе Костер _bШ. _f1827-1879 _gШарль |
|
| 801 | 0 |
_aRU _bNLR _gpsbo |
|
| 801 | 1 |
_aRU _bELAR _2rusmarc |
|
| 852 |
_aNLR _j84-3/3537 |
||
| 942 | _cBOOK | ||
| 980 | _aNB | ||